000 00665nam a2200229 i 4500
008
020 _a0632091703 (pbk.)
090 _aRF46
_bFOX
100 1 0 _aFoxen, E. H. Miles
245 1 0 _aLecture notes on diseases of the ear, nose, and throat /
_cE. H. Miles Foxen.
250 _a3rd ed.
260 0 _aOxford :
_bBlackwell Scientific Publications,
_c1972.
300 _ax, 221 p. :
_bill. ;
_c19 cm.
500 _aIncludes index.
650 0 _aOtolaryngology.
907 _a.b10348025
_b16-10-14
_c16-10-14
003
005 20230120204139.0
040 _cNUST
049 _aMAIN
942 _cBOOKS
_kRF46
_mFOX
999 _c117975
_d117975